000 00487nam a2200181Ia 4500
003 OSt
005 20251119104315.0
008 210210b1955 xxu||||| |||| 00| 0 eng d
040 _cAL
041 _akan
082 _a851/143
100 _aCHANDRA (S R)
_9159124
_dಚಂದ್ರ (ಎಸ್ ಆರ್)
245 _aTatvarasayana:
_bತತ್ವರಸಾಯನ
260 _aBalila
_bYuvakara sangha
_c1955
690 _aKannada Poetry
_9159125
906 _a018159
942 _2ddc
_cBK
999 _c141285
_d141285